Statystyki dla Tytuły postaci z Brawl stars

Kliknij tutaj aby rozwiązać quiz!

Ogólne statystyki

  • Ten quiz został rozwiązany 243 razy
  • Średni wynik to 23 z 40

Statystyki odpowiedzi

TytułOdpowiedź% Poprawnych
Ptaszku, PtaszkuDynamike
91%
BuldożerBull
90%
Nie czas na wyjaśnieniaShelly
88%
Jakie masz karty?Tara
88%
SnajperPiper
81%
Prezes Brawl StarsEdgar
80%
El luchadorEl primo
78%
MiauKit
78%
PRĘDKOŚĆ TO JAMaks
75%
O mamoPam
71%
Nocna KreaturaMortis
70%
BumBrock
69%
Prosto z dziczyNita
69%
Mały sierżantHank
65%
CzołgFrank
62%
BossPan P
61%
KrwiożerczyAngelo
58%
KiciuśBibi
56%
PirratDarryl
56%
KoleśSurge
56%
GeologCarl
55%
Daj mi gotowaćPearl
55%
Wracając do rzeczywistościRosa
54%
Porozmawiaj z dłoniąGene
52%
W zgodzie z naturąBo
50%
Obrońca zieleniKiełek
48%
Wsparcie technologiczne 2.0Meg
48%
KochanekRico
48%
Zły do szpikuBuzz
46%
NieokrzesaniecPenny
44%
Ciężki orzechMandy
43%
SkąpiecGriff
42%
RakietaJanet
41%
Prawo to jaLarry i Lawrie
40%
Mistrz rozwałkiMaisie
37%
HekatombaBuster
36%
NieustraszonaMelodie
36%
ZwyżercaDoug
33%
Masz za swojeBarley
31%
RewelacjaByron
25%

Rozkład punktacji

Percentyl według liczby udzielonych odpowiedzi

Procent ludzi z każdym wynikiem

Twoja historia wyników

Nie rozwiązałeś tego quizu